En torno al ser. Ensayos filosóficos
Guardat en:
| Autor principal: | |
|---|---|
| Format: | Llibre |
| Idioma: | espanyol |
| Publicat: |
Santiago
Bricklediciones
2007
|
| Col·lecció: | Grandes Pensadores
|
| Matèries: | |
| Etiquetes: |
Afegir etiqueta
Sense etiquetes, Sigues el primer a etiquetar aquest registre!
|
MARC
| LEADER | 00000cam a2200000 a 4500 | ||
|---|---|---|---|
| 001 | UCI2819 | ||
| 003 | CL-VaPUC | ||
| 005 | 20250131113747.0 | ||
| 008 | 070928e20070000CL |||||||||||||||||spa|d | ||
| 999 | |c 327242 |d 327240 | ||
| 020 | |a 9789568588045 | ||
| 040 | |c Pontificia Universidad Católica de Valparaíso | ||
| 082 | 0 | 4 | |a 111.8 |b RIV |2 21 |
| 100 | |a Rivera Cruchaga, Jorge Eduardo |e autor |9 896065 | ||
| 245 | 1 | 0 | |a En torno al ser. Ensayos filosóficos |
| 260 | |a Santiago |b Bricklediciones |c 2007 | ||
| 300 | |a 219 p | ||
| 490 | 0 | |a Grandes Pensadores | |
| 583 | |a last modification |c 20180928 10:18:53 |k Rodrigo Vera | ||
| 650 | 0 | |a Filosofía |9 223554 | |
| 650 | 0 | |a Humanismo |9 256530 | |
| 650 | 0 | |a Hermenéutica |9 269473 | |
| 650 | 0 | |a Metafísica |9 265649 | |
| 650 | 0 | |a Fenomenología |9 256519 | |
| 942 | |c BK |2 ddc | ||
| 945 | |d 20070928 00:00:00 |a rbrito | ||
| 952 | |0 0 |1 0 |3 erb |4 0 |6 111_800000000000000_RIV_2007 |7 0 |8 A |9 409803 |a BIBEDU |b BIBEDU |i 550290K |l 1 |o 111.8 RIV 2007 |p 550290K |r 2023-06-27 |s 2023-06-19 |w 2019-11-22 |y BK |z Catalogado en:20180927 |k FIL | ||
| 952 | |0 0 |1 0 |3 erb |4 0 |6 111_800000000000000_RIV_2007 |7 0 |8 A |9 409804 |a BIBEDU |b BIBEDU |i 5502896 |o 111.8 RIV 2007 |p 5502896 |r 2019-11-22 |w 2019-11-22 |y BK |z Catalogado en:20180927 |k FIL | ||
| 952 | |0 0 |1 0 |3 erb |4 0 |6 111_800000000000000_RIV_2007 |7 0 |8 A |9 409805 |a BIBEDU |b BIBEDU |i 5502888 |o 111.8 RIV 2007 |p 5502888 |r 2019-11-22 |w 2019-11-22 |y BK |z Catalogado en:20180927 |k FIL | ||
| 952 | |0 0 |1 0 |3 erb |4 0 |6 111_800000000000000_RIV_2007 |7 0 |8 A |9 409806 |a BIBEDU |b BIBEDU |i 550287K |o 111.8 RIV 2007 |p 550287K |r 2019-11-22 |w 2019-11-22 |y BK |z Catalogado en:20180927 |k FIL | ||
| 952 | |0 0 |1 0 |3 erb |4 0 |6 111_800000000000000_RIV_2007 |7 0 |8 A |9 409807 |a BIBEDU |b BIBEDU |i 5502861 |o 111.8 RIV 2007 |p 5502861 |r 2019-11-22 |w 2019-11-22 |y BK |z Catalogado en:20180927 |k FIL | ||
| 952 | |0 0 |1 0 |3 erb |4 0 |6 111_800000000000000_RIV_2007 |7 0 |8 A |9 409808 |a BIBEDU |b BIBEDU |i 5502853 |o 111.8 RIV 2007 |p 5502853 |r 2019-11-22 |w 2019-11-22 |y BK |z Catalogado en:20180927 |k FIL | ||